One Direction Songs That Start With S - Statistics

General Stats
  • This quiz has been taken 1,741 times
  • The average score is 8 of 13
Answer Stats
Hint Answer % Correct
FOUR Steal My Girl
80%
Midnight Memories Story of My Life
74%
FOUR Stockholm Syndrome
73%
Midnight Memories Strong
70%
Up All Night Save You Tonight
68%
Up All Night Stole My Heart
67%
Up All Night Same Mistakes
64%
FOUR Spaces
64%
Take Me Home Summer Love
64%
Up All Night Stand Up
61%
Midnight Memories Something Great
58%
Take Me Home She's Not Afraid
55%
Take Me Home Still The One
52%
No matching quizzes found
Score Distribution
Percent of People with Each Score
Percentile by Number Answered
Your Score History
You have not taken this quiz